000
00374nam a2200145Ia 4500
008
100122s9999 xx 000 0 und d
082
_b
14885
_a
822
100
_a
नांगरे बलराम
245
_a
धनंजय
260
_b
गं.रा.पाठक
_c
1966
300
_a
161
630
_a
धनंजय
730
_a
धनंजय
942
_c
BOOK
999
_c
405228
_d
405225